Public administration for the UPSC and State Civil Services Preliminary Examinations / (Record no. 51692)

MARC details
000 -LEADER
fixed length control field 01132nam a22002777a 4500
005 - DATE AND TIME OF LATEST TRANSACTION
control field 20110420110421.0
008 - FIXED-LENGTH DATA ELEMENTS--GENERAL INFORMATION
fixed length control field 110420t xxu||||| |||| 00| 0 eng d
010 ## - LCCN (DPL NO)
LC control number ENG-102245
020 ## - INTERNATIONAL STANDARD BOOK NUMBER
International Standard Book Number 9780071074827
Terms of availability 525.00
020 ## - INTERNATIONAL STANDARD BOOK NUMBER
International Standard Book Number 0071074821
Terms of availability 525.00
035 ## - SYSTEM CONTROL NUMBER
System control number EN-85778
037 ## - SOURCE OF ACQUISITION
Source of stock number/acquisition DBAD/PUB
040 ## - CATALOGING SOURCE
Original cataloging agency dpl
Language of cataloging English
082 ## - DEWEY DECIMAL CLASSIFICATION NUMBER
Classification number 350
100 ## - MAIN ENTRY--PERSONAL NAME
Personal name Laxmikanth, M.
9 (RLIN) 27344
245 ## - TITLE STATEMENT
Title Public administration for the UPSC and State Civil Services Preliminary Examinations /
Statement of responsibility, etc by M. Laxmikanth
260 ## - PUBLICATION, DISTRIBUTION, ETC. (IMPRINT)
Place of publication, distribution, etc New Delhi
Name of publisher, distributor, etc Tata McGraw-Hill Publishing
Date of publication, distribution, etc 2011
270 ## - ADDRESS
Address 7 West Patel Nagar,
City New Delhi
Postal code 110008
300 ## - PHYSICAL DESCRIPTION
Extent xvi, 982p.
Dimensions 24cm (pbk)
490 ## - SERIES STATEMENT
Series statement Tata McGraw-Hill's winning edge series
-- 1235
650 ## - SUBJECT ADDED ENTRY--TOPICAL TERM
Topical term or geographic name as entry element UPSC and State Civil Services Preliminary Examinations
9 (RLIN) 27345
650 ## - SUBJECT ADDED ENTRY--TOPICAL TERM
Topical term or geographic name as entry element Public administration
General subdivision Examination, question, etc.
9 (RLIN) 27346
942 ## - ADDED ENTRY ELEMENTS (KOHA)
Source of classification or shelving scheme Dewey Decimal Classification
Item type English Books
Classification part 350
Call number suffix LAX
Holdings
Withdrawn status Lost status Source of classification or shelving scheme Damaged status Not for loan Collection code Home library Current library Date acquired Source of acquisition Cost, normal purchase price Total Checkouts Full call number Barcode Date last seen Copy number Cost, replacement price Koha item type
    Dewey Decimal Classification   Not For Loan Non-fiction D.B.Act.Division D.B.Act.Division 20/04/2011 DBAD/PUB 525.00   350 LAX EN-85778 20/04/2011 1 525.00 English Books
    Dewey Decimal Classification     Non-fiction Sarojini Nagar Sarojini Nagar 03/08/2018       350 LAX B-701141 03/08/2018     English Books

© Delhi Public Library
Hit Counter
free hit counter